000 00807nam a2200217Ia 4500
003 GCL
008 140319s9999 xx 000 0 ara d
040 _aGCL /
_cGCL
082 0 4 _a658.401
_bا ت
100 1 _aاشتون، كريس
245 1 0 _aتقييم الاداء الاستراتيجى - المعرفة والاصول الفكرية /
_cاشتون، كريس
260 _aالقاهرة :
_bمركز الخبرات المهنية للادارة بميك ،
_c2001
300 _aمتعدد ؛
_c24 سم
490 _aسلسلة اصدارات بميك
_v0
650 0 4 _aادارة الاعمال
650 0 4 _aتقييم الاداء
650 0 4 _aالادارة - تنظيم
650 0 4 _aالادارة - تقييم
650 0 4 _aالادارة الاستراتيجية
942 _2ddc
_cBK
999 _c5398
_d5398